logo

Bir Sreshtho Munshi Abdur Rouf Library
Jhenaidah Cadet College

The essentials of English : (Record no. 11937)

MARC details
000 -LEADER
fixed length control field 00984nam a2200289 a 4500
001 - CONTROL NUMBER
JCCL Control Number 11937
003 - CONTROL NUMBER IDENTIFIER
JCCL marc code BD-JhCC
005 - DATE AND TIME OF LATEST TRANSACTION
control field 20210329134019.0
008 - FIXED-LENGTH DATA ELEMENTS--GENERAL INFORMATION
fixed length control field 201203s2003 nyu 001 0 eng
020 ## - INTERNATIONAL STANDARD BOOK NUMBER
International Standard Book Number 0131500902
035 ## - SYSTEM CONTROL NUMBER
system control number (BD-JhCC)11937
040 ## - CATALOGING SOURCE
Original cataloging agency DLC
Transcribing agency DLC
Modifying agency BD-JhCC
041 ## - LANGUAGE CODE
Language code of Book eng
050 #4 - LIBRARY OF CONGRESS CALL NUMBER
Classification number PE1408 .H664 2003
082 ## - DEWEY DECIMAL CLASSIFICATION NUMBER
Classification number 808.042
Author mark and Year HOE 2003
100 1# - MAIN ENTRY--PERSONAL NAME
Personal name Hogue, Ann.
245 14 - TITLE STATEMENT
Title The essentials of English :
Remainder of title a writer's handbook /
Statement of responsibility, etc Ann Hogue.
260 ## - PUBLICATION, DISTRIBUTION, ETC. (IMPRINT)
Place of publication, distribution, etc White Plains, NY :
Name of publisher, distributor, etc Longman,
Date of publication, distribution, etc 2003.
300 ## - PHYSICAL DESCRIPTION
Pagination xii, 463 p. ;
Dimensions 24 cm.
500 ## - GENERAL NOTE
General note Accompanying material: Exercises / Lida Baker.
500 ## - GENERAL NOTE
General note "Now with APA [American Psychological Association] style"--Cover.
650 #0 - SUBJECT ADDED ENTRY--TOPICAL TERM
Topical term or geographic name as entry element English language
General subdivision Rhetoric
Form subdivision Handbooks, manuals, etc.
650 #0 - SUBJECT ADDED ENTRY--TOPICAL TERM
Topical term or geographic name as entry element English language
General subdivision Grammar
Form subdivision Handbooks, manuals, etc.
650 #0 - SUBJECT ADDED ENTRY--TOPICAL TERM
Topical term or geographic name as entry element English language
Form subdivision Textbooks for foreign speakers.
650 #0 - SUBJECT ADDED ENTRY--TOPICAL TERM
Topical term or geographic name as entry element Report writing
Form subdivision Handbooks, manuals, etc.
942 ## - ADDED ENTRY ELEMENTS (KOHA)
Source of classification or shelving scheme Dewey Decimal Classification
Koha item type Books
Koha issues (borrowed), all copies 2
Holdings
Source of classification or shelving scheme Damaged status Not for loan Home library Current library Shelving location Date of accession Cost, normal purchase price Total Checkouts Full call number Barcode Date last seen Date checked out Copy number Koha item type
Dewey Decimal Classification     JCC Rouf Library JCC Rouf Library General Stacks 12/03/2020 320.00 1 808.042 HOE 2003 16572 09/18/2023 09/13/2023 C-1 Books
Dewey Decimal Classification     JCC Rouf Library JCC Rouf Library General Stacks 12/03/2020 320.00   808.042 HOE 2003 16573 12/03/2020   C-2 Books
Dewey Decimal Classification     JCC Rouf Library JCC Rouf Library General Stacks 12/03/2020 320.00   808.042 HOE 2003 16574 12/03/2020   C-3 Books
Dewey Decimal Classification     JCC Rouf Library JCC Rouf Library General Stacks 12/03/2020 320.00 1 808.042 HOE 2003 16576 08/02/2022 03/28/2021 C-4 Books

JCC Library | Contacts | JCC Home

Last Update on 23 September 2017
Copyright @ 2017-2020 JCC Rouf Library
Rouf Library, Jhenidah Cadet College (JCC), Bangladesh